Δήμοι της Δυτικής Ελλάδας με Χάρτη - Statistics

General Stats
  • This quiz has been taken 8 times
  • The average score is 5 of 19
Answers on the Map
Answers color-coded by a green-red scale on the quiz's map according to % correct below.
 
Answer Stats
Δήμος % Correct
Αγρινίου
100%
Ιεράς Πόλης Μεσολογγίου
100%
Πατρέων
100%
Πύργου
100%
Ζαχάρως
67%
Αμφιλοχίας
33%
Ανδραβίδας – Κυλλήνης
33%
Αιγιαλείας
0%
Άκτιου-Βόνιτσας
0%
Ανδριτσαίνας-Κρεστένων
0%
Αρχαίας Ολυμπίας
0%
Δυτικής Αχαΐας
0%
Ερυμάνθου
0%
Ηλίδας
0%
Θέρμου
0%
Καλαβρύτων
0%
Ναυπακτίας
0%
Ξηρομέρου
0%
Πηνειού
0%
No matching quizzes found
Score Distribution
Percent of People with Each Score
Percentile by Number Answered
Your Score History
You have not taken this quiz